Detalles MARC
| 000 -CABECERA |
| campo de control de longitud fija |
01334nam a2200229 a 4500 |
| 003 - IDENTIFICADOR DEL NÚMERO DE CONTROL |
| campo de control |
DO-SdBNP |
| 005 - FECHA Y HORA DE LA ÚLTIMA TRANSACCIÓN |
| campo de control |
20250909140439.0 |
| 007 - CAMPO FIJO DE DESCRIPCIÓN FÍSICA--INFORMACIÓN GENERAL |
| campo de control de longitud fija |
ta |
| 008 - DATOS DE LONGITUD FIJA--INFORMACIÓN GENERAL |
| campo de control de longitud fija |
220830b200? |||ao||gr|||| 001 e spa d |
| 020 ## - NÚMERO INTERNACIONAL ESTÁNDAR DEL LIBRO |
| Número Internacional Estándar del Libro |
9789945882070 |
| 040 ## - FUENTE DE LA CATALOGACIÓN |
| Centro catalogador/agencia de origen |
DO-SdBNP |
| Lengua de catalogación |
spa |
| Centro/agencia transcriptor |
BNPHU |
| 082 #4 - NÚMERO DE LA CLASIFICACIÓN DECIMAL DEWEY |
| Número de edición |
22 |
| Número de documento/Ítem |
D397c |
| 110 2# - ENTRADA PRINCIPAL--NOMBRE DE ENTIDAD CORPORATIVA |
| Nombre de entidad corporativa o nombre de jurisdicción como elemento de entrada |
Centro Cultural Eduardo León Jimenes |
| 9 (RLIN) |
56909 |
| 245 10 - MENCIÓN DE TÍTULO |
| Título |
Duarte: |
| Resto del título |
visiones colectivas en espacios vinculados./ |
| 260 ## - PUBLICACIÓN, DISTRIBUCIÓN, ETC. |
| Lugar de publicación, distribución, etc. |
[Santiago de los Caballeros] |
| Nombre del editor, distribuidor, etc. |
Centro León, |
| Fecha de publicación, distribución, etc. |
2013 |
| 300 ## - DESCRIPCIÓN FÍSICA |
| Extensión |
137 p. : |
| Otras características físicas |
il., forogr. ; |
| Dimensiones |
25 cm. |
| 500 ## - NOTA GENERAL |
| Nota general |
Incluye pié de fotos. |
| 505 ## - NOTA DE CONTENIDO CON FORMATO |
| Título |
Encuentro de la dominicanidad en espacios interrelacionados.-- Dominicans meet in Interlinked Space. / Rafael Emilio.-- Yunén |
| -- |
Duarte: Visiones colectivas en esapcios vinculados.-- Duarte: Collective visions, Interlinked Space. / Esteban Álvarez.-- |
| -- |
Decir "Duarte": Memorias y territorios.-- Say "Daurte": Memories and Territory. / Miguel D. Mena.-- |
| -- |
Con permiso de Duarte.-- With permission from Duarte . / Elvia Ojeda.-- |
| -- |
Obras de la exposición.-- Artworsks from the exhibitión.-- |
| -- |
En la sala y más allá...-- In the exhibition hall and beyond.../ Luis Felipe Rodríguez.-- |
| -- |
Biografías de los artistas.-- Artists Biographies.-- |
| -- |
Créditos.-- Credits.-- |
| 600 10 - PUNTO DE ACCESO ADICIONAL DE MATERIA--NOMBRE DE PERSONA |
| Nombre de persona |
Duarte, Juan Pablo, |
| Fechas asociadas al nombre |
1813-1876 |
| 9 (RLIN) |
1494 |
| 910 ## - DATOS DE OPCIÓN DEL USUARIO (OCLC) |
| Datos de opción del usuario |
MFeliz |
| 942 ## - ELEMENTOS DE PUNTO DE ACCESO ADICIONAL (KOHA) |
| Fuente del sistema de clasificación o colocación |
Dewey Decimal Classification |
| Tipo de ítem Koha |
Libro |